The physiological basis for exercise and sport (Registro nro. 52029)

Detalles MARC
000 -ENCABEZADO
Número de control [NR] 00816nam a2200253Ia 4500
005 - FECHA Y HORA DE LA ÚLTIMA TRANSACCIÓN
control field 20211111074550.0
008 - DE LONGITUD FIJA DE DATOS DE ELEMENTOS - INFORMACIÓN GENERAL
Elementos de longitud fija [NR] 130821s1989 xxua gr eng
020 ## - NUMERO INTERNACIONAL NORMALIZADO PARA LIBROS [R]
Número Internacional Normalizado del libro [NR] 0697126269
040 ## - FUENTE DE CATALOGACION [NR]
Agencia de catalogación original [NR] Co-BoUCM
Idioma de catalogación [NR] spa
041 00 - CODIGO DE IDIOMA [R]
Código de idioma para texto/pista de sonido o título separado [R] Inglés
100 1# - ASIENTO PRINCIPAL--NOMBRE PERSONAL [NR]
Nombre personal [NR] Fox, Edward L.
ID Autoridad 163386
245 14 - MENCION DE TITULO [NR]
Título [NR] The physiological basis for exercise and sport
Mención de responsabilidad, etc. [NR] Edward L. Fox, Richard W. Bowers, Marle L. Foss
250 ## - MENCION DE EDICION [NR]
Mención de edición [NR] 5a. Ed.
260 ## - PUBLICACION, DISTRIBUCION, ETC. (PIE DE IMPRENTA) [R]
Lugar de publicación, distribución, etc. [R] Washington
Nombre del editor, distribuidor, etc. [R] WmC. Brown Communications
Fecha de publicación, distribución, etc. [R] 1989
300 ## - DESCRIPCION FISICA [R]
Extensión [R] 710 páginas
Otros detalles físicos [NR] ilustraciones
650 04 - ASIENTO SECUNDARIO DE MATERIA - TERMINO TEMATICO [R]
Término temático o nombre geográfico como elemento de entrada [NR] Deportes
9 (RLIN) 388
650 04 - ASIENTO SECUNDARIO DE MATERIA - TERMINO TEMATICO [R]
Término temático o nombre geográfico como elemento de entrada [NR] Ejercicio físico
9 (RLIN) 13936
650 04 - ASIENTO SECUNDARIO DE MATERIA - TERMINO TEMATICO [R]
Término temático o nombre geográfico como elemento de entrada [NR] Fisiología del ejercicio
9 (RLIN) 15936
650 04 - ASIENTO SECUNDARIO DE MATERIA - TERMINO TEMATICO [R]
Término temático o nombre geográfico como elemento de entrada [NR] Fisiología
9 (RLIN) 15925
700 1# - ASIENTO SECUNDARIO - NOMBRE PERSONAL [R]
Nombre personal [NR] Bowers, Richard W.
9 (RLIN) 163387
700 1# - ASIENTO SECUNDARIO - NOMBRE PERSONAL [R]
Nombre personal [NR] Foss, Merle L.
9 (RLIN) 163388
942 ## - ELEMENTOS DE ENTRADA AGREGADOS (KOHA)
Tipo de ítem principal el descrito en 300a Libro
Tema principal Ciencias de la salud
Edición 5
Parte restante de la signatura top. F791p
Sistema de clasificación NLM
Clasificación QT 260
Título oculto en OPAC No
Existencias
Fecha de último préstamo Total préstamos Total Renewals Signatura topográfica Código de barras Última vez visto Volúmen / Fascículo Ejemplar Price effective from Tipo de ítem Perdido Sistema de clasificación Dañado No prestable Tipo de ítem específico Suprimido Ubicación habitual Ubicación actual Localización Fecha de creación Forma de adquisición Costo
06/09/2022 47 6 QT 260 F791p 200014095 11/12/2025 5a. Ed. Ej.1 03/02/2013 Libro   NLM     Libro   Quinta de Mutis Quinta de Mutis 1er piso 30/09/2007 Compra 29.37